000 00623nam a22002177a 4500
003 DO-SdBNP
005 20220930103559.0
007 ta
008 220930b1964 mx ||||| |||| 00| 0 spa d
040 _aDO-SdBNP
_bspa
_cBNPHU
049 _aBNPD
082 4 _222
100 1 _aInchaustegui, J. Marino
_953793
245 1 0 _aGeografía descriptiva de la República Dominicana :
_bcuarto curso /
_cJ. Marino Inchaustegui.
250 _a13 ed.
260 _aMéxico :
_bGráfica Panamericana,
_c1939.
300 _a179 p. :
_bil., map. ;
_c22 cm.
590 _aInventariado, 2022/BT
910 _aBtavárez
942 _2ddc
_cLBS1
999 _c52495
_d52495